| 000 | 00762nam a2200217Ia 4500 | ||
|---|---|---|---|
| 999 |
_c36130 _d36130 |
||
| 001 | 2030 | ||
| 003 | GE_BSU | ||
| 005 | 20190423145341.0 | ||
| 008 | 181216s2007||||ru |||||||||||||| ||rus|| | ||
| 020 | _a139785482013069 | ||
| 040 | _cGE_BSU | ||
| 080 | _a340.12(091)(075.8) Г-78 | ||
| 100 |
_aГрафский, В.Г. _9405 |
||
| 245 |
_aИстория политических и правовых учении / _bУчебник. для студ. |
||
| 250 | _a2-е изд. доп. и перераб | ||
| 264 |
_aМосква : _bПроспект, _c2007. |
||
| 300 |
_a608 стр.; _b20 см. |
||
| 653 | _aისტორია | ||
| 653 | _aპოლიტიკური ისტორიის მეცნიერებანი | ||
| 942 |
_cBK _2udc |
||